| 000 | 01247cas a2200373 a 4500 | ||
|---|---|---|---|
| 001 | 13327181 | ||
| 005 | 20180202080100.0 | ||
| 006 | m d | ||
| 007 | co ugu | ||
| 008 | 030828c199u9999vauar sql 0 a0eng | ||
| 010 | _a 2004202600 | ||
| 022 | 0 |
_a1551-0409 _21 |
|
| 035 | _a(OCoLC)ocm55594314 | ||
| 037 | _bLexisNexis, P.O. Box 7587, Charlottesville, VA 22906-7587 | ||
| 040 |
_aDLC _beng _cDLC _dNSDP _dOCoLC |
||
| 041 | _aeng | ||
| 042 |
_apcc _ansdp |
||
| 043 | _an-us-nb | ||
| 080 | _a344 | ||
| 082 | 1 | 0 |
_a344 BLI _213 |
| 100 | _a14 | ||
| 101 | _aSHJ | ||
| 222 | 0 |
_aNebraska education laws _b(CD-ROM) |
|
| 240 | 1 | 0 | _aNebraska education laws (CD-ROM) |
| 245 | 1 | 0 | _aNebraska education laws |
| 246 | 1 |
_iIssues for 2000- have title: _aNebraska education laws on CD-ROM |
|
| 310 | _aAnnual | ||
| 530 | _aAlso issued in print. | ||
| 776 | 1 |
_aNebraska. _tNebraska education laws _x1537-8535 _w(DLC) 2001207040 _w(OCoLC)47102803 |
|
| 906 |
_a7 _bcbc _cserials _d2 _encip _f20 _gn-oclcserc |
||
| 942 |
_2ddc _cBK |
||
| 999 |
_c41672 _d41672 |
||